000 01595nam0a22003131 4500
001 rc\3391108
005 20260408074457.0
021 _aRU
_b72-9414
021 _aRU
_bРг3300-72
035 _a(NLR Aleph) 007457935
090 _a7286012
_c7286012
100 _a20130115d1972 |||y0rusy50 ca
101 0 _arus
102 _aRU
105 _ay z |||||
200 1 _aАннотации пестицидов подлежащих испытанию в 1972 году
_fГос. комис. по хим. средствам борьбы с вредителями, болезнями растений и сорняками при МСХ СССР. Всесоюз. науч.-исслед. ин-т защиты растений
210 _aМосква
_cБ. и.
_d1972
215 _a113 с.
_d20
300 _aНа 2-й с. обл. сост.: Сазонов П.В., Козлова Е.И., Смирнова А.А. [и др.]
532 1 1 _aАннотации пестицидов подлежащих испытанию в тысяча девятьсот семьдесят втором году
702 1 _aСмирнова
_bА.А.
_4220
702 1 _aСазонов
_bП.В.
_4220
702 1 _aКозлова
_bЕ.И.
_4220
712 0 1 _aСССР
_bГосударственная комиссия по химическим средствам борьбы с вредителями, болезнями растений и с сорняками
_3RU\NLR\AUTH\8810065822
_9633246
801 0 _aRU
_bNLR
_gpsbo
801 1 _aRU
_bELAR
_2rusmarc
852 _aNLR
_j72-3/1347
942 _cBOOK
980 _aNB